000 00957nam a22002537a 4500
003 URS
005 20230706083101.0
008 230706b |||||||| |||| 00| 0 eng d
043 _aURS
100 _95176
_aEj V. Gaor
_eAuthor
245 _aCurricular Portal for University of Rizal System Binangonan Campus
_cEj V. Gaor, Kurei M. Pereira, Richard E. Gonzales, John Mark E. Suarez, Brian C. Mallari
260 _c2020
300 _axi, 114 leaves;
_c28 cm.
336 _2rdacontent
_atext
337 _2rdamedia
_aunmediated
338 _2rdacarrier
_avolume
502 _aUndergraduate Thesis
_bBachelor of Science in Information Technology
_cUniversity of Rizal System, Binangonan
_d2020
700 _95178
_aKurei M. Pereira
_eAuthor
700 _95179
_aRichard E. Gonzales
_eAuthor
700 _95181
_aJohn Mark E. Suarez
_eAuthor
700 _95184
_aBrian C. Mallari
_eAuthor
700 _92204
_aJoyce Lyn M. Abaoag, MSME
_eAdviser
942 _2lcc
_cT
999 _c69524
_d69523